000 00825nam a2200253Ia 4500
003 OSt
005 20221005112338.0
006 a|||||r|||| 00| 0
007 ta
008 221004b |||||||| |||| 00| 0 pan d
020 _c150
024 _a106446
037 _b7848/II, 21/02/2011, Arsee Publishers
_cTextual
040 _aCRL
_cCRL
_bpan
041 _2pan
_apan
082 _aOxk, 153Q0
100 _aਕੋਮਲ, ਅਮਰ, ਥਦ।
245 0 _aਵਿਚਾਰਮਾਲਾ
260 _aਸਮਾਣਾ
_bਸੰਗਮ ਪਬਲਿਕੇਨਗ਼ ਭਾਰਤ
_c2010
300 _a176ਪੰ
_ccm.
650 _aਪੰਜਾਬੀ ਸਾਹਿਤ
942 _hOxk, 153Q0
_cTEXL
_2cc
999 _c1024624
_d1024624